[Event "MCR_CF281"]
[Site "?"]
[Date "2003.??.??"]
[Round "?"]
[White "Goc, Pavel"]
[Black "Valenta, Josef"]
[Result "1/2-1/2"]
[WhiteElo "2215"]
[BlackElo "2168"]
[PlyCount "102"]
[EventDate "2003.??.??"]
[EventType "corr"]
[EventRounds "2"]
[SourceDate "2004.??.??"]

1. e4 c5 2. Nf3 Nc6 3. d4 cxd4 4. Nxd4 Nf6 5. Nc3 e5 6. Ndb5 d6 7. Nd5 Nxd5 8.
exd5 Ne7 9. c3 Nf5 10. a4 Be7 11. Bd3 O-O 12. O-O a6 13. Na3 Nh4 14. f4 exf4
15. Bxf4 Ng6 16. Bxg6 fxg6 17. Nc4 Bd7 18. Qd4 b5 19. Nb6 Bf6 20. Qe3 Re8 21.
Qf2 Rb8 22. Nxd7 Qxd7 23. axb5 Qxb5 24. Bxd6 Rbd8 25. Ba3 Rxd5 26. Rae1 Rf5 27.
Rxe8+ Qxe8 28. Qa7 Rxf1+ 29. Kxf1 Qb5+ 30. Kg1 h5 31. Qa8+ Kf7 32. Qe4 Qb6+ 33.
Kf1 Qb5+ 34. Ke1 Qe5 35. Qxe5 Bxe5 36. h3 Ke6 37. Ke2 g5 38. c4 a5 39. g4 hxg4
40. hxg4 a4 41. Kd3 Bf6 42. Ke4 Be5 43. Kd3 Bf6 44. Kc2 Ke5 45. Kc3 Kf4+ 46.
Kb4 Kxg4 47. c5 Kf5 48. c6 Ke6 49. Kxa4 g4 50. Kb5 Bd8 51. Bc5 Kd5 {odhad}
1/2-1/2

[Event "MCR_CF281"]
[Site "?"]
[Date "2003.??.??"]
[Round "?"]
[White "Jurci, Peter"]
[Black "Portych, Vaclav"]
[Result "1-0"]
[WhiteElo "2000"]
[BlackElo "2148"]
[PlyCount "137"]
[EventDate "2003.??.??"]
[EventType "corr"]
[EventRounds "2"]
[SourceDate "2004.??.??"]

1. d4 Nf6 2. c4 e6 3. Nc3 Bb4 4. e3 O-O 5. Bd3 d5 6. Nf3 c5 7. O-O Nc6 8. a3
Bxc3 9. bxc3 dxc4 10. Bxc4 Qc7 11. Ba2 e5 12. h3 e4 13. Nh2 Bf5 14. Ng4 Nxg4
15. hxg4 Bg6 16. a4 Rfd8 17. Qe2 b6 18. Ba3 Kh8 19. Rad1 cxd4 20. cxd4 Na5 21.
f4 exf3 22. Qxf3 Rac8 23. Rc1 Qd7 24. Rxc8 Rxc8 25. Bxf7 Bxf7 26. Qxf7 Qxf7 27.
Rxf7 Nc4 28. Bc1 Ne5 29. dxe5 Rxc1+ 30. Kf2 Kg8 31. Rxa7 Rc8 32. Kf3 Rb8 33. g5
b5 34. a5 b4 35. a6 b3 36. Rb7 Ra8 37. Rxb3 Rxa6 38. Rb7 Kf8 39. Kf4 Ra4+ 40.
Kf5 Ra5 41. Rd7 Rb5 42. Ke6 Rb6+ 43. Rd6 Rb8 44. g3 Re8+ 45. Kf5 Ra8 46. g6
hxg6+ 47. Rxg6 Ra3 48. e4 Rf3+ 49. Kg4 Rf1 50. Ra6 Kf7 51. Kg5 Rh1 52. g4 Re1
53. e6+ Kf8 54. Kf5 Rf1+ 55. Ke5 Rb1 56. Ra8+ Ke7 57. Ra7+ Kf8 58. e7+ Ke8 59.
Kf5 Rf1+ 60. Kg5 Rf6 61. e5 Rb6 62. Kf5 g6+ 63. Ke4 Rb4+ 64. Kd5 Rb5+ 65. Ke4
Rb4+ 66. Kf3 Rb3+ 67. Kf4 Rb4+ 68. Kg5 Rb6 69. Kh6 {odhad} 1-0